000 00469nam a22001817a 4500
999 _c7448
_d7448
003 OSt
005 20211111121858.0
008 211111b ||||| |||| 00| 0 eng d
020 _a9781615253890
040 _cNLM
082 _aWW300
_bR22a 2013
245 _aRefractive Surgery
260 _aSan Francisco
_bAmerican academy of ophthalmology
_c2013
300 _aXII,260p
_bill;
_c25cm
504 _aincludes index
650 _aOphthalmology
_9338
942 _2ddc
_cBOOK